Basic Business Communication

Na minha lista:
Detalhes bibliográficos
Autor principal: Lesikar, Raymond V.
Formato: Livro
Idioma:inglês
Publicado em: Homewood Irwin 1991
Edição:5. ed.
Assuntos:
Tags: Adicionar Tag
Sem tags, seja o primeiro a adicionar uma tag!

MARC

LEADER 00000nam a2200000 4500
001 c006112
005 20221206114430.0
020 |a 0-256-08327-4 
041 0 |a eng 
044 |a US 
245 1 0 |a Basic Business Communication  |c Raymond V. Lesikar 
250 |a 5. ed. 
264 1 |a Homewood  |b Irwin  |c 1991 
300 |a 666 s. 
610 2 0 |a obchod 
610 2 0 |a angličtina 
610 2 0 |a komunikácia 
610 2 0 |a korešpondencia 
100 1 |a Lesikar, Raymond V.